000 00620nam a2200241Ia 4500
003 OSt
005 20221005131004.0
006 a|||||r|||| 00| 0
007 ta
008 221004b |||||||| |||| 00| 0 eng d
024 _a47262
037 _cTextual
040 _aCRL
_cCRL
_beng
041 _2eng
_aeng
082 _aO111,3M22,1, 31K4
100 _aBrown Tom Au.
_9638968
245 0 _aSchool life of Tom Brown
260 _c1964
650 _a ENGLISH LITERATURE
650 _aENGLISH FICTION
942 _hO111,3M22,1, 31K4
_cTEXL
_2cc
999 _c1059027
_d1059027